Random Filipino to English Words #8 - Statistics

General Stats
  • This quiz has been taken 20 times
    19 since last reset
  • The average score is 10 of 15
Answer Stats
Filipino English % Correct
Minuto Minute
100%
Paliparan Airport
93%
Pumunta Go
93%
Yelo Ice
93%
Pagong Turtle
93%
Maglakad Walk
93%
Paniki Bat
86%
Hanapin Find
86%
Paningin Sight
71%
Dalampasigan Beach
64%
Serbesa Beer
64%
Ugat Vein
43%
Balangkas Outline
29%
Umurong Retreat
29%
Naghahangad Crave
7%
No matching quizzes found
Score Distribution
Percent of People with Each Score
Percentile by Number Answered
Your Score History
You have not taken this quiz since the last reset